00337nam a2200133Ia 4500008004100000020001500041041001200056100001400068245005500082250000800137260003400145300000800179650001600187221030s9999 xx 000 0 und d a8175152699 aEnglish aR. Lafore 0aObject - Oriented Programming in C++cby R. Lafore a3rd bGalgotia PubaNew Delhic2013 a925 aBE Computer